Geografia Europy Cz.1 - Statystyki

Ogólne statystyki
  • Ten quiz został rozwiązany 39 razy
    34 od ostatniego zresetowania
  • Średni wynik to 11 z 15
Statystyki odpowiedzi
Hint Odpowiedź % Poprawnych
Nasza Ojczyzna Polska/Rzeczpospolita Polska
100%
Mikro państwo Watykan/San Marino/Monako/Liechtenstein/Andora
100%
DUŻA gospodarka Niemcy
96%
Adolf w 1939 Niemcy/ Nazistowskie Niemcy
96%
Napoleon Francja
89%
Valletta Malta
85%
Najbardziej neutralne Państwo w europy Szwajcaria
85%
Brak stolicy Szwajcaria
85%
Mafia Włochy
74%
Część Wielkiej Brytani która graniczy z Hiszpanią Gibraltar
67%
Stolica przypomina warzywo w nazwie Belgia/Bruksela
59%
Kłajpeda Litwa
48%
Prezydent ZSRR podczas WW2 Józef Stallin
41%
Najstarsza flaga Dania
26%
Konstytucja Niemiecka Republika Weimarska/Weimarska
4%
Nie znaleziono quizów pasujących do podanych kryteriów
Rozkład punktacji
Procent ludzi z każdym wynikiem
Percentyl według liczby udzielonych odpowiedzi
Twoja historia wyników
Nie rozwiązałeś tego quizu od ostatniego zresetowania